000 00370 a2200121 4500
001 ART_25752
005 20260410161601.0
008 260409a
245 1 0 _aEl medio ambiente en la auditoría financiera
100 1 _aCasal, Armando Miguel
700 1 _aWainstein, Mario
773 0 _tProfesional & Empresaria
_g- Año VII, Nº 81 (jun. 2006)
_wREV70
999 _c9718
_d9718